000 00739nam a2200205 a 4500
001 81431
003 BD-RjUL
005 20230522114443.0
008 230522s2021 bg ||||| |||| 00| 0 bg d
020 _a97898495356074
035 _a(BD-RjUL)81431
040 _aBD-RjUL
_beng
_cBD-RjUL
041 _aben
082 _223
_a297.3822
_bCIK 2021
100 _aচিশতী, সদর উদ্দিন আহমদ
_97599
245 1 0 _aক্বেবলা ও সালাত /
_cসদর উদ্দিন আহমদ চিশতী
260 _aঢাকা :
_bইমামীয়া চিশতীয়া পাবলিশার,
_c২০২১
300 _a১১২ পৃ.;
_c২২ সেমি.
942 _2ddc
_cBK
999 _c81431
_d81431